| 000 | 00816nam a22002417a 4500 | ||
|---|---|---|---|
| 001 | 54129 | ||
| 003 | UA-OsUOA | ||
| 005 | 20220912103957.0 | ||
| 007 | ta | ||
| 008 | 20080526b un ||||| |||| 00| 0 ukr d | ||
| 040 |
_aUA-OsUOA _bukr _cUA-OsUOA _dUA-OsUOA |
||
| 041 | _aukr | ||
| 080 | _a82-92 | ||
| 090 |
_a82-92 _bН12 |
||
| 245 |
_aНа зболених крилах любові _bхудожньо-публіцистична повість _cупоряд. С. М. Лелях |
||
| 260 |
_aНетішин _c2007 _bСвинарчук Р. В. |
||
| 300 |
_a704 с. _fіл. |
||
| 650 | 7 |
_a82 Література. Літературознавство _2UDC |
|
| 700 | 1 |
_aЛелях С. М. _eупоряд. |
|
| 942 |
_cBK _2udc |
||
| 955 | _a3 | ||
| 999 |
_c340697 _d340697 |
||